Adjectifs de couleur prenant un S au pluriel - Statistiques

Statistiques générales
  • Ce quiz a été pris 174 fois
  • Le résultat moyen est 12 sur 20
Statistiques - réponses
Hint Réponse % Correct
Bleu-Vert Non
84%
Noir Oui
80%
Rouge Vif Non
79%
Violet Oui
78%
Rose Oui
75%
Multicolore Oui
73%
Pourpre Oui
72%
Mauve Oui
70%
Beige Oui
70%
Argenté Oui
68%
Écarlate Oui
65%
Fuchsia Non
58%
Fauve Oui
55%
Argent Non
49%
Indigo Non
48%
Ébène Non
48%
Carmin Non
45%
Marron Non
36%
Orange Non
36%
Turquoise Non
31%
Aucun quiz correspondant
Distribution des résultats
% des personnes avec chaque résultat
Percentile par nombre de réponses
Votre historique - résultats
Vous n’avez pas pris ce quiz